Central Library, Doon University
WEBOPAC (ONLINE PUBLIC ACCESS CATALOGUE)

Textbook of Microbiology and Immunology (Record no. 60081)

MARC details
000 -LEADER
fixed length control field 00487nam a22001937a 4500
005 - DATE & TIME
control field 20260123133614.0
008 - FIXED-LENGTH DATA ELEMENTS--GENERAL INFORMATION
fixed length control field 260123b |||||||| |||| 00| 0 eng d
020 ## - ISBN
International Standard Book Number 9789819992614
040 ## - CATALOGING SOURCE
Original cataloging agency Doon University
041 ## - Language
Language English
082 ## - DDC NUMBER
Classification number 616.079
Book Number PAR
100 ## - MAIN ENTRY--PERSONAL NAME
Personal name Parija, Subhash Chandra
245 ## - TITLE STATEMENT
Title Textbook of Microbiology and Immunology
250 ## - EDITION STATEMENT
Edition statement 4th
260 ## - PUBLICATION, DISTRIBUTION, ETC. (IMPRINT)
Place of publication, distribution, etc Singapore
Name of publisher, distributor, etc Springer
Date of publication, distribution, etc 2024
300 ## - PHYSICAL DESCRIPTION
Pages 1111
650 ## - Subject
Subject Environmental Science
942 ## - ADDED ENTRY ELEMENTS (KOHA)
Koha item type Books
100 ## - MAIN ENTRY--PERSONAL NAME
-- 26036
952 ## - LOCATION AND ITEM INFORMATION (KOHA)
-- 2026-01-23
952 ## - LOCATION AND ITEM INFORMATION (KOHA)
-- 2026-01-23
952 ## - LOCATION AND ITEM INFORMATION (KOHA)
-- 2026-01-23
Holdings
Withdrawn status Lost status Source of classification or shelving scheme Damaged status Not for loan Location (home branch) Sublocation or collection (holding branch) Date acquired Koha issues (times borrowed) Koha full call number Accession No. Koha date last seen Koha item type
          Doon University Doon University 23.01.2026   616.079 PAR 51809 23.01.2026 Books
          Doon University Doon University 23.01.2026   616.079 PAR 51810 23.01.2026 Books
          Doon University Doon University 23.01.2026   616.079 PAR 51811 23.01.2026 Books
Contact : +91-135-2533126 (Library),+91-135-2533105 (Admin Office) , Email : doonlibrary@gmail.com

Powered by Koha